UK Soap 'Crossroads' - Statistics

General Stats
  • This quiz has been taken 35 times
    13 since last reset
  • The average score is 12 of 20
Answer Stats
Hint Answer % Correct
Paul Henry Benny
100%
Ronald Allen David
100%
Susan Hanson Diane
100%
Jane Rossington Jill
100%
Roger Tonge Sandy
100%
Tony Adams Adam
88%
Sue Lloyd Barbara
88%
Kathy Staff Doris
88%
Noele Gordon Meg
88%
Edward Clayton Stan
75%
Pamela Vezey Kath
63%
Angus Lennie Shughie
63%
Stan Stennett Sid
63%
Zeph Gladstone Vera
25%
Jean Kent Jennifer
13%
Charmaine Eyre Mavis
13%
Claire Faulconbridge Miranda
13%
Gabrielle Drake Nicola
13%
Terence Rigby Tommy
13%
Heather Chasen Valerie
13%
No matching quizzes found
Score Distribution
Percent of People with Each Score
Percentile by Number Answered
Your Score History
You have not taken this quiz since the last reset